000 00604cam a22002411 4500
001 8380500
005 20180201065257.0
008 711027s1953 enk b 000 0 eng
010 _a 53001537
015 _aGB53-1071
035 _a(OCoLC)166907
040 _aDLC
_cODaWU
_dOCoLC
_dUk
_dDLC
041 _aeng
042 _apremarc
080 _a330.1 HUT
082 _a330.1 HUT
100 1 _a52
101 _aEKO
245 1 2 _aA review of economic doctrines, 1870-1929.
504 _aBibliography: p. [432]-437.
906 _a7
_bcbc
_coclcrpl
_du
_encip
_f19
_gy-gencatlg
942 _2ddc
_cBK
999 _c41515
_d41515